La libertad y la responsabilidad en la radio y televisión mexicanas /

Guardado en:
Bibliografiske detaljer
Hovedforfatter: Zabludovsky, Jacobo (autor)
Format: Bog
Sprog:spansk
Udgivet: México : edición de autor, 1967, c1967
Fag:
Tags: Tilføj Tag
Ingen Tags, Vær først til at tagge denne postø!

MARC

LEADER 00000nam^a2200000^a^4500
001 000183741
005 20250521000000.0
009 20260310102051.431
037 |a Acervo ITESO - Biblioteca 
041 |a ESP 
082 |a 343. 720995  |b ZAB 
100 |a Zabludovsky, Jacobo  |e (autor) 
245 1 3 |a La libertad y la responsabilidad en la radio y televisión mexicanas /  |c J. Zabludovsky. 
264 4 |a México :  |b edición de autor,  |c 1967, c1967 
300 |a 109 p. 
336 |a texto  |b txt  |2 rdacontenido 
337 |a sin mediación  |b n  |2 rdamedio 
338 |a volumen  |b nc  |2 rdasoporte 
649 |a XX 
650 |a Radio -  |z México -  |x Aspectos Jurídicos 
650 |a Televisión -  |z México -  |x Aspectos Jurídicos 
650 |a Medios de Comunicación -  |z México -  |x Aspectos Jurídicos 
650 |a Libertad de Información -  |z México -  |x Aspectos Jurídicos 
650 |a Comunicación Masiva -  |z México -  |x Aspectos Jurídicos 
910 |a Fondo General 
920 |a Impresos - Libros 
930 |a Colección General 
905 |a 101 
901 |a 0500124231  |b IT1  |c ACC  |u 20250521 
902 |a https://opac.biblio.iteso.mx/vufind/Record/000183741